00184nam a2200061Ia 4500245003600000100004500036008004100081 0aThe power of a praying husband  a OMARTIAN, Stormie Eugene, Or., 2001 210817s9999 xx 000 0 und d